<?xml version="1.0" encoding="UTF-8"?><?xml-stylesheet type="text/xsl" href="static/style.xsl"?><OAI-PMH xmlns="http://www.openarchives.org/OAI/2.0/" xmlns:xsi="http://www.w3.org/2001/XMLSchema-instance" xsi:schemaLocation="http://www.openarchives.org/OAI/2.0/ http://www.openarchives.org/OAI/2.0/OAI-PMH.xsd"><responseDate>2026-06-01T04:37:29Z</responseDate><request verb="GetRecord" identifier="oai:riuma.uma.es:10630/40373" metadataPrefix="marc">https://riuma.uma.es/rest/oai/request</request><GetRecord><record><header><identifier>oai:riuma.uma.es:10630/40373</identifier><datestamp>2026-02-03T10:50:00Z</datestamp><setSpec>com_10630_2254</setSpec><setSpec>col_10630_37953</setSpec></header><metadata><record xmlns="http://www.loc.gov/MARC21/slim" xmlns:dcterms="http://purl.org/dc/terms/" xmlns:doc="http://www.lyncode.com/xoai" xmlns:xsi="http://www.w3.org/2001/XMLSchema-instance" xsi:schemaLocation="http://www.loc.gov/MARC21/slim http://www.loc.gov/standards/marcxml/schema/MARC21slim.xsd">
   <leader>00925njm 22002777a 4500</leader>
   <datafield ind2=" " ind1=" " tag="042">
      <subfield code="a">dc</subfield>
   </datafield>
   <datafield ind2=" " ind1=" " tag="720">
      <subfield code="a">Fallarino, Nicoletta</subfield>
      <subfield code="e">author</subfield>
   </datafield>
   <datafield ind2=" " ind1=" " tag="720">
      <subfield code="a">Leite-Méndez, Analía Elizabeth</subfield>
      <subfield code="e">author</subfield>
   </datafield>
   <datafield ind2=" " ind1=" " tag="720">
      <subfield code="a">Cremades-García, Raúl</subfield>
      <subfield code="e">author</subfield>
   </datafield>
   <datafield ind2=" " ind1=" " tag="260">
      <subfield code="c">2025-05-30</subfield>
   </datafield>
   <datafield ind2=" " ind1=" " tag="520">
      <subfield code="a">Introducción: Las investigaciones recientes coinciden en señalar la necesidad de establecer&#xd;
modelos didácticos estables, eficientes y prácticos para la mejora de la competencia oral en la escuela primaria. Para ello resulta primordial conocer la realidad actual de los centros educativos no solo a través de la acción docente sino también desde la perspectiva del alumnado. Método: Con el objetivo de identificar y analizar las estrategias didácticas relacionadas con la expresión oral en una escuela pública rural de la provincia de Málaga (España), se ha llevado a cabo un estudio de caso con los siguientes instrumentos cualitativos para la recogida de datos: observaciones de clases durante un mes, entrevistas a todo el profesorado del centro (n=12) y grupos de discusión con el alumnado de todos los cursos (6 grupos). Resultados: Se han recabado las principales inquietudes, logros y retos del profesorado –como la falta de formación específica sobre oralidad o las dificultades para su evaluación–, y también del alumnado –como el miedo escénico o la necesidad de memorización–. Conclusiones: En este centro se otorga una gran consideración a las actividades orales y a su variedad; no obstante, las crecientes limitaciones lingüísticas del alumnado suponen un estímulo para seguir mejorando y profundizando en este aspecto esencial del aprendizaje.</subfield>
   </datafield>
   <datafield ind1="8" ind2=" " tag="024">
      <subfield code="a">Fallarino, N., Leite Méndez, A. E. y Cremades, R. (2025). La oralidad en la Escuela Primaria: una mirada desde el profesorado y el alumnado. Revista Complutense de Educación, 36 (3), 407-419. https://doi.org/10.5209/rced.93971</subfield>
   </datafield>
   <datafield ind1="8" ind2=" " tag="024">
      <subfield code="a">https://hdl.handle.net/10630/40373</subfield>
   </datafield>
   <datafield ind1="8" ind2=" " tag="024">
      <subfield code="a">10.5209/rced.93971</subfield>
   </datafield>
   <datafield tag="653" ind2=" " ind1=" ">
      <subfield code="a">Lenguaje - Adquisición</subfield>
   </datafield>
   <datafield tag="653" ind2=" " ind1=" ">
      <subfield code="a">Comunicación oral - Niños</subfield>
   </datafield>
   <datafield tag="653" ind2=" " ind1=" ">
      <subfield code="a">Didáctica</subfield>
   </datafield>
   <datafield tag="653" ind2=" " ind1=" ">
      <subfield code="a">Enseñanza primaria</subfield>
   </datafield>
   <datafield ind2="0" ind1="0" tag="245">
      <subfield code="a">La oralidad en la Escuela Primaria: una mirada desde el profesorado y el alumnado.</subfield>
   </datafield>
</record>
</metadata></record></GetRecord></OAI-PMH>